[Event "SVK-chT2A 2223"]
[Site "Slovakia"]
[Date "2023.03.26"]
[Round "11.8"]
[White "Klimek, Martin1111"]
[Black "Skreko, Igor"]
[Result "1-0"]
[WhiteElo "1383"]
[BlackElo "1472"]
[PlyCount "89"]
[EventDate "2022.10.08"]
[EventType "team-tourn"]
[EventRounds "11"]
[EventCountry "SVK"]
[SourceTitle "EXT 2024"]
[Source "ChessBase"]
[SourceDate "2023.10.10"]
[SourceVersion "1"]
[SourceVersionDate "2023.10.10"]
[SourceQuality "1"]
[WhiteTeam "Senec"]
[BlackTeam "Modranka Komplet"]
[WhiteTeamCountry "SVK"]
[BlackTeamCountry "SVK"]

1. e4 c5 2. Nf3 d6 3. c3 Nf6 4. Be2 e5 5. 0-0 Be7 6. h3 Nxe4 7. Qa4+ Nc6 8. Qxe4 h6 9. Qc2 a6 10. Rd1 Bf6 11. d3 Bf5 12. Be3 Qc7 13. Qd2 Rd8 14. d4 e4 15. Nh2 0-0 16. Ng4 Qe7 17. d5 Ne5 18. Nxf6+ Qxf6 19. Bf4 Ng6 20. Bh2 Rfe8 21. Qe3 Qe7 22. Nd2 Bd7 23. Nc4 Bb5 24. b4 Bxc4 25. Bxc4 b5 26. Bb3 c4 27. Bc2 Qf8 28. a4 f5 29. Bf4 Qf7 30. axb5 axb5 31. Ra7 Re7 32. Rxe7 Qxe7 33. f3 Qh4 34. Bh2 Qh5 35. fxe4 Re8 36. Qf3 Qh4 37. exf5 Re1+ 38. Rxe1 Qxe1+ 39. Qf1 Qe3+ 40. Kh1 Nh8 41. Qa1 Kf7 42. Bxd6 Kf6 43. Bc5 Qd2 44. Bd4+ Kg5 45. Qd1 1-0

[Event "SVK-chT3A2 2223"]
[Site "Slovakia"]
[Date "2023.02.05"]
[Round "6.8"]
[White "Skreko, Igor"]
[Black "Motyckova, Monika"]
[Result "1/2-1/2"]
[WhiteElo "1469"]
[BlackElo "1261"]
[PlyCount "96"]
[EventDate "2022.10.16"]
[EventType "team-tourn"]
[EventRounds "9"]
[EventCountry "SVK"]
[SourceTitle "EXT 2024"]
[Source "ChessBase"]
[SourceDate "2023.10.10"]
[SourceVersion "1"]
[SourceVersionDate "2023.10.10"]
[SourceQuality "1"]
[WhiteTeam "Modranka Komplet II"]
[BlackTeam "Hlohovec"]
[WhiteTeamCountry "SVK"]
[BlackTeamCountry "SVK"]

1. d4 d5 2. c4 e6 3. cxd5 exd5 4. Nc3 Nf6 5. Bg5 Be7 6. Qc2 Nc6 7. e3 a6 8. a3 Be6 9. Bd3 h6 10. Bh4 0-0 11. Nge2 Qd7 12. Nf4 Rfe8 13. Nxe6 Qxe6 14. Bxf6 Bxf6 15. 0-0 Qd6 16. Ne2 Re7 17. Rac1 Rd8 18. Ng3 g6 19. Bxa6 Nxd4 20. exd4 Qxa6 21. Qc5 Qd6 22. Rfd1 Bg5 23. Qxd6 Rxd6 24. Rc2 Rde6 25. Kf1 c6 26. a4 Re8 27. Ne2 Bd8 28. Nf4 Re4 29. Re2 g5 30. Rxe4 Rxe4 31. Ne2 Bb6 32. b3 Kg7 33. Rd3 f6 34. Ng3 Re6 35. Re3 Kf7 36. Ke2 Bxd4 37. Rxe6 Kxe6 38. f3 c5 39. Kd3 Ke5 40. Ne2 Bf2 41. Nc3 b6 42. Ne2 Be1 43. Ng1 f5 44. Ne2 Bf2 45. Nc1 Bg1 46. h3 Bf2 47. Ne2 f4 48. Nc3 Be1 1/2-1/2

[Event "SVK-chT5 A22 2223"]
[Site "Slovakia"]
[Date "2023.01.21"]
[Round "5.2"]
[White "Skreko, Igor"]
[Black "Motyckova, Monika"]
[Result "1-0"]
[WhiteElo "1472"]
[BlackElo "1307"]
[PlyCount "71"]
[EventDate "2022.10.15"]
[EventType "team-tourn"]
[EventRounds "9"]
[EventCountry "SVK"]
[SourceTitle "EXT 2024"]
[Source "ChessBase"]
[SourceDate "2023.10.10"]
[SourceVersion "1"]
[SourceVersionDate "2023.10.10"]
[SourceQuality "1"]
[WhiteTeam "Modranka Komplet Seniors"]
[BlackTeam "Hlohovec III"]
[WhiteTeamCountry "SVK"]
[BlackTeamCountry "SVK"]

1. d4 d5 2. c4 Nf6 3. Nc3 e6 4. Bg5 Be7 5. e3 b6 6. Nf3 Bb7 7. Bd3 Nbd7 8. 0-0 0-0 9. Rc1 Rc8 10. cxd5 exd5 11. Bb1 Re8 12. Nb5 a6 13. Na7 Ra8 14. Nc6 Bxc6 15. Rxc6 Rc8 16. Qc2 Ne4 17. Bxe7 Rxe7 18. Qe2 a5 19. Bxe4 dxe4 20. Nd2 Nf6 21. Rfc1 Qd5 22. Qa6 Qf5 23. Qe2 Qg5 24. Rxb6 cxb6 25. Rxc8+ Re8 26. Rxe8+ Nxe8 27. Nxe4 Qd5 28. Nc3 Qe6 29. d5 Qf6 30. Qc2 Nd6 31. Ne4 Qg6 32. f3 h6 33. Qc6 Nxe4 34. Qxg6 fxg6 35. fxe4 Kf7 36. e5 1-0

[Event "SVK-chT3A2 2223"]
[Site "Slovakia"]
[Date "2022.12.18"]
[Round "4.7"]
[White "Paracka, Patrik"]
[Black "Skreko, Igor"]
[Result "1-0"]
[WhiteElo "1427"]
[BlackElo "1465"]
[PlyCount "99"]
[EventDate "2022.10.16"]
[EventType "team-tourn"]
[EventRounds "9"]
[EventCountry "SVK"]
[SourceTitle "EXT 2024"]
[Source "ChessBase"]
[SourceDate "2023.10.10"]
[SourceVersion "1"]
[SourceVersionDate "2023.10.10"]
[SourceQuality "1"]
[WhiteTeam "Senica CVC"]
[BlackTeam "Modranka Komplet II"]
[WhiteTeamCountry "SVK"]
[BlackTeamCountry "SVK"]

1. d4 d5 2. c4 c6 3. Nc3 Nf6 4. Nf3 e6 5. Bg5 Be7 6. e3 Nbd7 7. Bd3 dxc4 8. Bxc4 0-0 9. 0-0 h6 10. Bh4 Re8 11. Qc2 Nf8 12. Ne5 N6d7 13. Bxe7 Qxe7 14. f4 Nxe5 15. fxe5 b5 16. Be2 Bb7 17. Ne4 Nh7 18. Bd3 f5 19. Nd6 Rf8 20. Rac1 Rab8 21. Nxb7 Rxb7 22. Qxc6 Rfb8 23. e4 Rb6 24. Qc5 Qg5 25. d5 fxe4 26. Bxe4 Qxe5 27. Rfe1 Qd6 28. dxe6 Qxc5+ 29. Rxc5 Nf6 30. Bg6 Rd6 31. e7 Ne8 32. Bxe8 Rxe8 33. Rxb5 Rd7 34. Rbe5 Rd2 35. R1e2 Rxe2 36. Rxe2 Kf7 37. Kf2 Kf6 38. Re3 g5 39. b4 Kf7 40. a4 Rxe7 41. Rxe7+ Kxe7 42. Ke3 Kd6 43. Kd4 Kc6 44. Kc4 Kb6 45. Kd5 Kb7 46. Ke6 Kc6 47. Kf5 Kd5 48. Kg6 Kc4 49. Kxh6 Kxb4 50. Kxg5 1-0

[Event "SVK-chT5 A22 2223"]
[Site "Slovakia"]
[Date "2022.11.05"]
[Round "2.2"]
[White "Sido, Daniel"]
[Black "Skreko, Igor"]
[Result "1/2-1/2"]
[WhiteElo "1552"]
[BlackElo "1464"]
[PlyCount "27"]
[EventDate "2022.10.15"]
[EventType "team-tourn"]
[EventRounds "9"]
[EventCountry "SVK"]
[SourceTitle "EXT 2024"]
[Source "ChessBase"]
[SourceDate "2023.10.10"]
[SourceVersion "1"]
[SourceVersionDate "2023.10.10"]
[SourceQuality "1"]
[WhiteTeam "Topolniky Vrakun II"]
[BlackTeam "Modranka Komplet Seniors"]
[WhiteTeamCountry "SVK"]
[BlackTeamCountry "SVK"]

1. e4 c5 2. Nc3 d6 3. Bc4 e6 4. a3 Nc6 5. d3 Nf6 6. Nf3 Be7 7. 0-0 0-0 8. h3 a6 9. Ba2 b5 10. Ne2 Bb7 11. Ng3 Nd7 12. c3 Nde5 13. Nh2 Qe8 14. f4 1/2-1/2

[Event "SVK-chT5 A22 2223"]
[Site "Slovakia"]
[Date "2022.10.15"]
[Round "1.1"]
[White "Skreko, Igor"]
[Black "Libich, Simon"]
[Result "0-1"]
[WhiteElo "1464"]
[BlackElo "1596"]
[PlyCount "90"]
[EventDate "2022.10.15"]
[EventType "team-tourn"]
[EventRounds "9"]
[EventCountry "SVK"]
[SourceTitle "EXT 2024"]
[Source "ChessBase"]
[SourceDate "2023.10.10"]
[SourceVersion "1"]
[SourceVersionDate "2023.10.10"]
[SourceQuality "1"]
[WhiteTeam "Modranka Komplet Seniors"]
[BlackTeam "Modranka Komplet Juniors II"]
[WhiteTeamCountry "SVK"]
[BlackTeamCountry "SVK"]

1. d4 Nf6 2. c4 e6 3. Nc3 d5 4. cxd5 exd5 5. Bg5 Be7 6. e3 0-0 7. h3 c6 8. Bd3 Re8 9. Nge2 Nbd7 10. 0-0 h6 11. Bh4 Ne4 12. Bxe7 Qxe7 13. Qc2 Ndf6 14. Rfe1 Bf5 15. Rac1 Bg6 16. Nf4 Bh7 17. f3 Nd6 18. Bxh7+ Nxh7 19. e4 Qh4 20. Nce2 dxe4 21. g3 Qf6 22. Qc3 Nb5 23. Qe3 exf3 24. Qxf3 g5 25. Qg4 Nxd4 26. Rf1 Nxe2+ 27. Nxe2 Qe6 28. Qxe6 Rxe6 29. Nd4 Rf6 30. Nf5 Re8 31. Rcd1 Nf8 32. Ne7+ Kg7 33. Nf5+ Kg6 34. g4 Ne6 35. Rd7 Nf4 36. Ne7+ Kg7 37. Rxb7 Nxh3+ 38. Kg2 Nf4+ 39. Kh2 Rd8 40. Rf2 Rd3 41. Nf5+ Kh7 42. Rc2 h5 43. Rxa7 hxg4 44. Ng3 Rh6+ 45. Kg1 Rxg3+ 0-1

[Event "SVK-chT3A2 2122"]
[Site "Slovakia"]
[Date "2021.11.07"]
[Round "3.7"]
[White "Jancicka, Viliam"]
[Black "Skreko, Igor"]
[Result "1/2-1/2"]
[WhiteElo "1510"]
[BlackElo "1443"]
[PlyCount "71"]
[EventDate "2021.10.10"]
[EventType "team-tourn"]
[EventRounds "11"]
[EventCountry "SVK"]
[SourceTitle "EXT 2023"]
[Source "ChessBase"]
[SourceDate "2022.10.05"]
[SourceVersion "1"]
[SourceVersionDate "2022.10.05"]
[SourceQuality "1"]
[WhiteTeam "Hlohovec"]
[BlackTeam "Modranka Komplet"]
[WhiteTeamCountry "SVK"]
[BlackTeamCountry "SVK"]

1. d4 d5 2. Nf3 Nf6 3. b4 e6 4. a3 a6 5. Ne5 Nbd7 6. Bg5 Be7 7. Nd2 h6 8. Bh4 Nxe5 9. dxe5 Nd7 10. Bxe7 Qxe7 11. Nf3 0-0 12. e3 b6 13. Bd3 Bb7 14. 0-0 c5 15. c3 f6 16. exf6 Qxf6 17. Qd2 Ne5 18. Nxe5 Qxe5 19. Rae1 Rad8 20. Bc2 Qg5 21. f4 Qf6 22. Qd3 Qf5 23. Qxf5 exf5 24. Rd1 g6 25. Bb3 Kg7 26. h4 Rf6 27. Rd2 Rfd6 28. Rfd1 Kf6 29. g3 Ke7 30. Kf2 Bc6 31. a4 a5 32. b5 Bb7 33. Bc2 Bc8 34. Re1 Kf6 35. Bd1 h5 36. Bb3 1/2-1/2

[Event "SVK-chT3A2 2122"]
[Site "Slovakia"]
[Date "2021.10.24"]
[Round "2.5"]
[White "Skreko, Igor"]
[Black "Rusnacik, Milan"]
[Result "1/2-1/2"]
[WhiteElo "1443"]
[BlackElo "1354"]
[PlyCount "46"]
[EventDate "2021.10.10"]
[EventType "team-tourn"]
[EventRounds "11"]
[EventCountry "SVK"]
[SourceTitle "EXT 2023"]
[Source "ChessBase"]
[SourceDate "2022.10.05"]
[SourceVersion "1"]
[SourceVersionDate "2022.10.05"]
[SourceQuality "1"]
[WhiteTeam "Modranka Komplet"]
[BlackTeam "Modranka Komplet II"]
[WhiteTeamCountry "SVK"]
[BlackTeamCountry "SVK"]

1. e4 c5 2. Nf3 d6 3. d4 cxd4 4. Nxd4 Nf6 5. Nc3 a6 6. g3 g6 7. Bg2 Bg7 8. 0-0 0-0 9. a4 Qc7 10. h3 Nc6 11. Nde2 Rb8 12. Nd5 Nxd5 13. exd5 Ne5 14. Ra2 Bf5 15. Nd4 Bd7 16. b3 Bc8 17. c4 Nd7 18. Re1 Re8 19. Rae2 Bf8 20. Bg5 Ne5 21. f4 h6 22. fxe5 hxg5 23. e6 f5 1/2-1/2

[Event "SVK-chT3A2 1819"]
[Site "Slovakia"]
[Date "2019.03.24"]
[Round "11.5"]
[White "Klanica, Anton"]
[Black "Skreko, Igor"]
[Result "1-0"]
[WhiteElo "1772"]
[BlackElo "1499"]
[PlyCount "95"]
[EventDate "2018.10.07"]
[EventType "team-tourn"]
[EventRounds "11"]
[EventCountry "SVK"]
[SourceTitle "EXT 2020"]
[Source "ChessBase"]
[SourceDate "2019.10.17"]
[SourceVersion "1"]
[SourceVersionDate "2019.10.17"]
[SourceQuality "1"]
[WhiteTeam "Trnava Lokomotiva II"]
[BlackTeam "Modranka Komplet"]
[WhiteTeamCountry "SVK"]
[BlackTeamCountry "SVK"]

1. e4 c5 2. Nf3 d6 3. Bb5+ Bd7 4. Bxd7+ Qxd7 5. d3 e6 6. 0-0 Be7 7. b3 Nf6 8. Bb2 Nc6 9. Nbd2 0-0 10. Re1 Rfe8 11. h3 Bf8 12. Bxf6 gxf6 13. Nh2 Bg7 14. Rb1 Kh8 15. Ndf3 Rg8 16. Kh1 Rad8 17. Qe2 Ne5 18. Nxe5 fxe5 19. Qe3 f5 20. Rg1 Bf6 21. Qe2 Rg6 22. g4 Rdg8 23. gxf5 Rxg1+ 24. Rxg1 Rxg1+ 25. Kxg1 exf5 26. exf5 Qxf5 27. Qf3 Qxf3 28. Nxf3 b5 29. c4 bxc4 30. bxc4 Kg7 31. Nd2 Kf7 32. Kg2 Ke6 33. Ne4 Be7 34. Nc3 a6 35. Kf3 h5 36. Ke4 Bd8 37. Nd5 Ba5 38. f4 exf4 39. Nxf4+ Ke7 40. Nxh5 Bc3 41. Nf4 Kd7 42. Kd5 Be5 43. Ng6 Bg7 44. h4 Bh6 45. h5 Bg7 46. Nh4 Kc7 47. Nf5 Be5 48. h6 1-0

[Event "SVK-chT4 A22 1819"]
[Site "Slovakia"]
[Date "2018.10.14"]
[Round "1.6"]
[White "Skreko, Igor"]
[Black "Kozinka, Jan"]
[Result "1/2-1/2"]
[WhiteElo "1525"]
[BlackElo "1698"]
[PlyCount "93"]
[EventDate "2018.10.14"]
[EventType "team-tourn"]
[EventRounds "11"]
[EventCountry "SVK"]
[SourceTitle "EXT 2020"]
[Source "ChessBase"]
[SourceDate "2019.10.17"]
[SourceVersion "1"]
[SourceVersionDate "2019.10.17"]
[SourceQuality "1"]

1. d4 Nf6 2. c4 e6 3. Nc3 Be7 4. Nf3 d5 5. e3 c6 6. Bd3 Nbd7 7. 0-0 Qc7 8. h3 b6 9. Qc2 h6 10. Ne2 Bb7 11. Ng3 Bd6 12. Bd2 Bxg3 13. fxg3 Qxg3 14. Be1 Qd6 15. a3 Rc8 16. Qe2 0-0 17. c5 Qc7 18. Rc1 Rfe8 19. b4 b5 20. Bf2 Ne4 21. Bxe4 dxe4 22. Nh2 Qd8 23. Bg3 e5 24. dxe5 Nxe5 25. Ng4 Nxg4 26. Qxg4 Qg5 27. Rf4 Qxg4 28. Rxg4 Rcd8 29. Bd6 Bc8 30. Rf4 g6 31. Rf6 Re6 32. Rcf1 Rxf6 33. Rxf6 Be6 34. Kf2 Rd7 35. g4 a5 36. Kg3 axb4 37. axb4 Ra7 38. Rf2 Ra4 39. Rb2 Ra3 40. Kf2 f6 41. Bh2 Kf7 42. Bf4 g5 43. Bh2 Kg6 44. Bg1 f5 45. gxf5+ Bxf5 46. Kg3 h5 47. h4 1/2-1/2

[Event "SVK-chT4 A22 1718"]
[Site "Slovakia"]
[Date "2018.03.18"]
[Round "11.3"]
[White "Hornik, Andrej"]
[Black "Skreko, Igor"]
[Result "1-0"]
[WhiteElo "1721"]
[BlackElo "1573"]
[PlyCount "77"]
[EventDate "2017.10.01"]
[EventType "team-tourn"]
[EventRounds "11"]
[EventCountry "SVK"]
[SourceTitle "EXT 2020"]
[Source "ChessBase"]
[SourceDate "2019.10.17"]
[SourceVersion "1"]
[SourceVersionDate "2019.10.17"]
[SourceQuality "1"]

1. e4 c5 2. Nf3 d6 3. d4 cxd4 4. Nxd4 Nf6 5. Nc3 g6 6. Bd3 Bg7 7. 0-0 0-0 8. h3 Nc6 9. Nxc6 bxc6 10. Bf4 Bd7 11. Re1 Rb8 12. Rb1 Qa5 13. Bd2 Qc7 14. b3 Be6 15. Qf3 Rb7 16. Bf4 Qa5 17. Na4 Nd7 18. Qe2 Ne5 19. Bd2 Qc7 20. Nb2 Nxd3 21. Nxd3 Rfb8 22. e5 dxe5 23. Nc5 Bf5 24. Nxb7 Rxb7 25. Bc3 f6 26. Rbd1 h5 27. Qc4+ Kh7 28. Rd2 Bh6 29. Qf7+ Bg7 30. Red1 Qc8 31. Rd8 Be6 32. Rxc8 Bxf7 33. Rxc6 Bh6 34. Ba5 Rb5 35. Bd8 Bf8 36. Rc7 a6 37. Bxe7 Bxe7 38. Rxe7 Kg7 39. Rdd7 1-0

[Event "Gyor Amateur op 11th"]
[Site "Gyor"]
[Date "2018.01.07"]
[Round "5"]
[White "Gergely, Andras"]
[Black "Skreko, Igor"]
[Result "0-1"]
[WhiteElo "1197"]
[BlackElo "1508"]
[PlyCount "66"]
[EventDate "2018.01.06"]
[EventType "swiss"]
[EventRounds "6"]
[EventCountry "HUN"]
[SourceTitle "EXT 2019"]
[Source "ChessBase"]
[SourceDate "2018.10.10"]
[SourceVersion "1"]
[SourceVersionDate "2018.10.10"]
[SourceQuality "1"]

1. d4 d5 2. Nf3 Nf6 3. g3 b6 4. Bg2 Bb7 5. 0-0 e6 6. b3 Nbd7 7. c4 Be7 8. Nc3 0-0 9. Bb2 c5 10. cxd5 Nxd5 11. Nxd5 Bxd5 12. Rc1 Nf6 13. dxc5 Bxc5 14. Qc2 Rc8 15. Qd2 Ne4 16. Qf4 f6 17. h4 Qd7 18. Qg4 h5 19. Qg6 Qf7 20. Qxf7+ Rxf7 21. e3 Rfc7 22. Nd4 Bxd4 23. Rxc7 Rxc7 24. Bxd4 Rc2 25. Bxe4 Bxe4 26. a4 e5 27. Ba1 Kf7 28. f3 Bd5 29. b4 Ra2 30. e4 Bc4 31. Rc1 Be2 32. Kf2 Bb5+ 33. Ke3 Re2# 0-1